Microcomputers and applications

Αποθηκεύτηκε σε:
Λεπτομέρειες βιβλιογραφικής εγγραφής
Κύριος συγγραφέας: Colantonio, Ernest S.
Μορφή: Βιβλίο
Γλώσσα:English
Δημοσίευση: Lexington, Massachusetts, Toronto : D.C. Health and Company, 1989
Θέματα:
Ετικέτες: Προσθήκη ετικέτας
Δεν υπάρχουν, Καταχωρήστε ετικέτα πρώτοι!

MARC

LEADER 00000nam a2200000 i 4500
001 1/49048
008 960328s1989 eng d
020 |a 0-669-16549-2 
035 |l 10026771 
040 |a GR-MY-UA  |b gre  |e aacr 
041 0 |a eng 
082 0 |a 004.16 
100 1 |a Colantonio, Ernest S. 
245 1 0 |a Microcomputers and applications /  |c Ernest S. Colantonio 
260 |a Lexington, Massachusetts, Toronto :   |b D.C. Health and Company,   |c 1989 
650 0 0 |a Microcomputers. 
852 |a INST  |b CHIOS  |e 19960328  |h 004.16 COL  |p 005200004134  |q 005200004134  |t BK  |y 0 
909 |a Χ  |b 031342